Don segundo sombra /

Guardado en:
Autor Principal: Güiraldes, Ricardo
Formato: Libro
Publicado: Argentina : Losada, 1969
Edición:27a. ed.
Series:Bibl. Contempor nea
Materias:
Etiquetas: Agregar Etiqueta
Sin Etiquetas, Sea el primero en etiquetar este registro!
LEADER 00638nam a22002295a 4500
001 CEM.cems003108
005 19000101000000.0
008 130507s1969##################000#0#####d
003 CEMS
082 0 4 |a A863.4 
100 1 |a Güiraldes, Ricardo 
245 1 0 |a Don segundo sombra /  |c Ricardo Güiraldes 
250 |a 27a. ed. 
260 |a Argentina :  |b Losada,  |c 1969 
300 |a 185 p. 
490 0 |a Bibl. Contempor nea 
653 |a Literatura 
653 |a Literatura argentina 
653 |a Novela argentina-siglo 20 
653 |a Novela gauchesca 
653 |a Novelas 
859 |a CEMS  |b BIB. CEMS - 11 de abril  |h A863.4  |i G948a27  |p 14962.76  |t Ej.1